00453nam a2200169Ia 450000500170000000800410001702000250005804000190008304100120010208200160011410000200013024500440015026000310019430000120022565000360023785000100027320230110113836.0131103s9999 xx 000 0 und d a722186274c1.75 pds aLoreto College aEnglish a813.54bTRU aTruman,Margaret aMurder on Capitol HillcMargaret Truman aLondonbSphere Booksc1982 a244 p.  aAmerican Fiction - 20th Century aLCLIB